| 000 | 00798nam a2200253 a 4500 | ||
|---|---|---|---|
| 008 | |||
| 020 | _a0028040465 (spiral-bound text edition) | ||
| 049 | _aMAIN | ||
| 090 |
_aPE1479 _bSAB |
||
| 100 | 1 | _aSabin, William A. | |
| 245 | 4 |
_aThe Gregg reference manual / _cWilliam A Sabin. |
|
| 250 | _a9th edition. | ||
| 260 |
_aNew York,N.Y.: _bMcGraw Hill, _c2001 |
||
| 300 |
_axiv, 610 p.; _c 23 cm. |
||
| 500 | _aIncludes index. | ||
| 650 | 1 |
_aEnglish language _xGrammer handbooks,manuals. |
|
| 650 |
_aEnglish language _xGrammar Handbooks. |
||
| 650 |
_aBusiness English _xTranscription handbooks,manuals etc. |
||
| 907 |
_a.b10253877 _b01-06-10 _c26-03-08 |
||
| 003 | |||
| 005 | 20230123124902.0 | ||
| 040 | _cNUST | ||
| 942 |
_cBOOKS _kPE1479 _mSAB |
||
| 999 |
_c131978 _d131978 |
||